000 00668nam a2200229 a 4500
008
020 _a9780340958780 (pbk.)
049 _aMAIN
090 _aP211.A3
_bHUT
100 1 _ahutchison, Hazel
245 1 0 _aTeach yourself :
_bwriting essays and dissertations /
_cHazel Hutchison.
260 _aLondon :
_bHodder Education,
_c2007
300 _axvi, 215 p. ;
_c20 cm.
490 _aTeach yourself.
500 _aIncludes Index.
650 _aWriting essays and dissertations.
907 _a.b10267244
_b26-09-12
_c28-09-09
003
005 20230123124949.0
040 _cNUST
942 _cBOOKS
_kP211.A3
_mHUT
999 _c133329
_d133329